FOOTBALL - Compos Finale de la Coupe du Monde 2018 - Statistiques

Statistiques générales
  • Ce quiz a été pris 108 fois
  • Le résultat moyen est 19 sur 29
Statistiques - réponses
Équipe Poste Nom % Correct
France Gardien de But Hugo Lloris
100%
France Ailier droit Kylian Mbappé
99%
France Buteur Olivier Giroud
99%
France Défenseur central Raphaël Varane
99%
France Défenseur central Samuel Umtiti
99%
France Latéral gauche Lucas Hernandez
98%
France Milieu central N'Golo Kanté
98%
France Milieu offensif central Antoine Griezmann
97%
France COACH Didier Deschamps
96%
France Milieu central Paul Pogba
96%
France Latéral droit Benjamin Pavard
94%
Croatie Milieu offensif central Luka Modrić
90%
France Ailier gauche Blaise Matuidi
87%
France Remplaçant (Milieu) Steven Nzonzi
82%
Croatie Buteur Mario Mandžukić
72%
Croatie Ailier gauche Ivan Perišić
71%
Croatie Milieu central Ivan Rakitić
71%
France Remplaçant (Milieu) Corentin Tolisso
63%
Croatie Gardien de But Danijel Subašić
63%
France Remplaçant (Attaquant) Nabil Fékir
58%
Croatie Défenseur central Domagoj Vida
44%
Croatie Défenseur central Dejan Lovren
34%
Croatie Remplaçant (Attaquant) Andrej Kramarić
25%
Croatie Milieu central Marcelo Brozović
22%
Croatie Ailier droit Ante Rebić
19%
Croatie Latéral droit Šime Vrsaljko
15%
Croatie COACH Zlatko Dalić
13%
Croatie Latéral gauche Ivan Strinić
7%
Croatie Remplaçant (Attaquant) Marko Pjaca
2%
Aucun quiz correspondant
Distribution des résultats
% des personnes avec chaque résultat
Percentile par nombre de réponses
Votre historique - résultats
Vous n’avez pas pris ce quiz